| 000 | 03468cgm a2200685Ia 4500 | ||
|---|---|---|---|
| 003 | data | ||
| 005 | 20260322212025.0 | ||
| 007 | data | ||
| 008 | data | ||
| 020 | _a0780657365 | ||
| 020 | _a9780780657366 | ||
| 024 | 1 | _a794043109164 | |
| 024 | 1 | _a794043109171 | |
| 028 | 4 | 2 |
_aN10916 _bNew Line Home Entertainment |
| 037 |
_bMidwest Tape _nhttp://www.midwesttapes.com |
||
| 040 |
_aTEFMT _cTEFMT _dIA4 _dRCS _dBTCTA _dJED _dOMP _dZP7 _dIA4 |
||
| 050 | 1 | 4 |
_aPN1995.9.S26 _bL378 2007 |
| 082 | 0 | 4 |
_a791.43/72 _222 |
| 090 | _aDVD 876 | ||
| 245 | 1 | 4 |
_aThe last Mimzy _h[videorecording] / _cMichael Phillips ... [et al.]. |
| 250 | _aWidescreen ed. | ||
| 260 |
_a[United States] : _bNew Line Home Entertainment, _cc2007. |
||
| 300 |
_a1 videodisc (ca. 97 min.) : _bsd., col. ; _c4 3/4 in. |
||
| 440 | 0 | _aInfinifilm. | |
| 500 | _aBased on the short story "Mimsy were the borogoves" written by Lewis Padgett. | ||
| 500 | _aSpecial features: All access pass features: "The last Mimzy: adapting the story;" "Bob Shaye: director profile;" "Casting the kids;" "Concept art montage;" "Real is good: the visual effects;" "Editing & music;" deleted scenes with introduction by director Bob Shaye; audio commentary by director Bob Shaye (feture & deleted scenes) "Hello (I love you) music video by Roger Waters; Mimzy theatrical trailer; sneak peeks; Beyond the movie: "The Mandala: an imaginary palace;" "The looking glass: Emma and Alice;" "Sound waves: listening to the universe;" "DNA: the human blueprint;" "Nanotechnology: the human revolution;" "Wormholes: fantasy or science." | ||
| 508 | _aDirector of photography, J. Michael Muro ; editor, Alan Heim ; music, Howard Shore ; production designer, Barry Chusid ; visual effects producer, Mark G. Soper ; art director, Ross Dempster ; costume designer, Karen Matthews. | ||
| 511 | 1 | _aChris O'Neil, Rhiannon Leigh Wryn, Joely Richardson, Timothy Hutton, Rainn Wilson, Kathryn Hahn, Michael Clarke Duncan. | |
| 520 | _aWhen Emma and Noah find a mysterious box of toys on the beach, strange things start happening. The kids develop special powers and with their parents and teachers, they realize that their mission is far more important than they had ever dreamed. | ||
| 521 | 8 | _aMPAA rating: PG; some thematic elements, mild peril and language. | |
| 538 | _aDVD, region 1, widescreen (2.35:1) presentation; Dolby Digital 5.1 surround, Dolby Digital 2.0 stereo., surround. | ||
| 546 | _aClosed-captioned. | ||
| 650 | 0 |
_aToys _vDrama. |
|
| 650 | 0 |
_aBrothers and sisters _vDrama. |
|
| 650 | 0 |
_aTeleportation _vDrama. |
|
| 650 | 0 |
_aTime travel _vDrama. |
|
| 655 | 0 | _aFeature films. | |
| 655 | 0 | _aScience fiction films. | |
| 655 | 0 | _aFantasy films. | |
| 655 | 0 | _aVideo recordings for the hearing impaired. | |
| 700 | 1 |
_aPhillips, Michael, _d1943- |
|
| 700 | 1 | _aHart, James V. | |
| 700 | 1 | _aSkilken, Carol. | |
| 700 | 1 | _aRubin, Bruce Joel. | |
| 700 | 1 | _aEmmerich, Toby. | |
| 700 | 1 | _aShaye, Robert. | |
| 700 | 1 | _aO'Neil, Chris. | |
| 700 | 1 | _aWryn, Rhiannon Leigh. | |
| 700 | 1 | _aRichardson, Joely. | |
| 700 | 1 |
_aHutton, Timothy, _d1960- |
|
| 700 | 1 |
_aWilson, Rainn, _d1968- |
|
| 700 | 1 |
_aHahn, Kathryn, _d1974- |
|
| 700 | 1 | _aDuncan, Michael Clarke. | |
| 700 | 1 | _aShore, Howard. | |
| 700 | 1 |
_aPadgett, Lewis. _tMimsy were the borogoves. |
|
| 710 | 2 | _aNew Line Cinema Corporation. | |
| 710 | 2 | _aMichael Phillips Productions. | |
| 710 | 2 | _aNew Line Home Entertainment (Firm) | |
| 001 | data | ||
| 999 |
_c576 _d576 |
||